[Event "Niederoesterreichische Landesliga"]
[Site "Verschiedene"]
[Date "2018.12.09"]
[Round "6"]
[Board "4"]
[White "Mlynek, Petr"]
[Black "Seidler, Dieter"]
[Result "1/2-1/2"]
[WhiteElo "2092"]
[BlackElo "1959"]
[PlyCount "60"]
[EventDate "2018.09.30"]
[EventType "team"]
[EventRounds "11"]
[EventCountry "AUT"]
[WhiteTeam "SK Zwettl"]
[BlackTeam "SGM Bisamberg/Korneuburg"]

1. d4 e6 2. c4 d5 3. Nf3 Nf6 4. g3 Be7 5. Bg2 b6 6. cxd5 Nxd5 7. O-O O-O 8. e4
Nf6 9. Nc3 Bb7 10. Re1 c5 11. Bf4 cxd4 12. Nxd4 Na6 13. a3 Nc7 14. Rc1 Rc8 15.
Qa4 a6 16. Red1 Qe8 17. Qxe8 Rfxe8 18. Na4 Nb5 19. Nxb5 Rxc1 20. Rxc1 axb5 21.
Nxb6 Bxe4 22. Nc8 Bf8 23. Bf1 b4 24. Nd6 Ra8 25. Nxe4 Nxe4 26. Bg2 f5 27. Bxe4
fxe4 28. Rc4 bxa3 29. bxa3 Rxa3 30. Rxe4 Kf7  1/2-1/2

[Event "Niederoesterreichische Landesliga"]
[Site "Verschiedene"]
[Date "2018.12.09"]
[Round "6"]
[Board "1"]
[White "Trippold, Denise"]
[Black "Khalakhan, Jurij"]
[Result "0-1"]
[WhiteElo "2146"]
[BlackElo "2219"]
[PlyCount "56"]
[EventDate "2018.09.30"]
[EventType "team"]
[EventRounds "11"]
[EventCountry "AUT"]
[WhiteTeam "SK Advisory Invest Baden"]
[BlackTeam "SGM Litschau/Eisgarn"]

1. c4 e5 2. g3 g6 3. Bg2 Bg7 4. Nc3 d6 5. e3 f5 6. Nge2 Nf6 7. O-O O-O 8. d4 c6
9. b3 e4 10. f3 d5 11. cxd5 cxd5 12. Ba3 Re8 13. fxe4 fxe4 14. Nb5 Qa5 15. Nec3
a6 16. Rxf6 axb5 17. Nxd5 Qxa3 18. Rf4 Qd6 19. Bxe4 Bf5 20. Qf3 Bxe4 21. Rxe4
Rf8 22. Rf4 Nc6 23. Nc3 Nxd4 24. exd4 Rxf4 25. gxf4 Qxd4+ 26. Kh1 Qxc3 27. Qd5+
Kh8 28. Rd1 Qc6  0-1

[Event "Niederoesterreichische Landesliga"]
[Site "Verschiedene"]
[Date "2018.12.09"]
[Round "6"]
[Board "3"]
[White "Herndlbauer, Martin"]
[Black "Plasil, Jiri"]
[Result "0-1"]
[WhiteElo "2058"]
[BlackElo "2048"]
[PlyCount "124"]
[EventDate "2018.09.30"]
[EventType "team"]
[EventRounds "11"]
[EventCountry "AUT"]
[WhiteTeam "SK Advisory Invest Baden"]
[BlackTeam "SGM Litschau/Eisgarn"]

1. c4 f5 2. d4 Nf6 3. e3 e6 4. b3 c6 5. c5 d5 6. cxd6 Bxd6 7. Nf3 Nbd7 8. Bd3
O-O 9. O-O Qe8 10. Nbd2 Qh5 11. Nc4 Bc7 12. Ba3 Re8 13. Be2 Qh6 14. Nd6 Rd8 15.
Qc2 Nb6 16. Nc4 Bd7 17. Bd6 Bxd6 18. Nxd6 Be8 19. Nc4 Nfd5 20. a3 Bd7 21. Nfe5
Be8 22. b4 Rac8 23. Na5 Rc7 24. Rfe1 Qf6 25. Qb3 Nd7 26. Nac4 N5b6 27. Rad1 Qe7
28. Bd3 Nxe5 29. Nxe5 Nd7 30. Bxf5 Nxe5 31. Bxe6+ Nf7 32. f4 Kh8 33. e4 Nh6 34.
d5 Bf7 35. f5 Bxe6 36. fxe6 cxd5 37. exd5 Nf5 38. Re5 Nd6 39. Qd3 Rf8 40. Rh5
h6 41. g4 Rc4 42. h3 Qf6 43. Rf5 Nxf5 44. gxf5 Rc3 45. Qd4 Qxd4+ 46. Rxd4 Re3
47. d6 Re8 48. Kf2 Re5 49. Kg3 Kg8 50. Kf4 Re1 51. Rc4 Rd8 52. Rd4 g5+ 53. Kg4
Kg7 54. d7 Kf6 55. Rc4 Rf1 56. Re4 Ke7 57. Re5 Rf8 58. Rd5 Rf4+ 59. Kh5 Rg8 60.
d8=Q+ Rxd8 61. Rxd8 Kxd8 62. Kg6 Ke7  0-1

[Event "Niederoesterreichische Landesliga"]
[Site "Verschiedene"]
[Date "2018.12.09"]
[Round "6"]
[Board "4"]
[White "Ptacnik, Pavel"]
[Black "Hofegger, Jakob"]
[Result "1/2-1/2"]
[WhiteElo "2118"]
[BlackElo "2128"]
[PlyCount "63"]
[EventDate "2018.09.30"]
[EventType "team"]
[EventRounds "11"]
[EventCountry "AUT"]
[WhiteTeam "SGM Litschau/Eisgarn"]
[BlackTeam "SK Advisory Invest Baden"]

1. d4 Nf6 2. Nf3 d6 3. g3 g6 4. Bg2 Bg7 5. O-O O-O 6. b3 a5 7. Bb2 Nfd7 8. Nbd2
Nc6 9. e4 a4 10. bxa4 Rxa4 11. c4 Ra8 12. Nb3 e5 13. dxe5 Ndxe5 14. Nxe5 dxe5
15. Qe2 Qe7 16. f4 f6 17. a3 Be6 18. f5 Bf7 19. fxg6 hxg6 20. Rac1 Rfd8 21. Bh3
Bh6 22. Rcd1 Rxd1 23. Rxd1 Rd8 24. Rxd8+ Qxd8 25. Bf1 b6 26. Qd3 Qxd3 27. Bxd3
Be3+ 28. Kg2 Kf8 29. Kf3 Bh6 30. Bc3 Ke8 31. a4 Bf8 32. a5  1/2-1/2

[Event "Niederoesterreichische Landesliga"]
[Site "Verschiedene"]
[Date "2018.12.09"]
[Round "6"]
[Board "1"]
[White "Kuba, Guenter"]
[Black "Sandhoefner, Florian"]
[Result "1/2-1/2"]
[WhiteElo "2328"]
[BlackElo "2332"]
[PlyCount "42"]
[EventDate "2018.09.30"]
[EventType "team"]
[EventRounds "11"]
[EventCountry "AUT"]
[WhiteTeam "SGM Voest Krems"]
[BlackTeam "SV Amstetten"]

1. e4 c5 2. Nf3 d6 3. Bb5+ Bd7 4. Bxd7+ Qxd7 5. c4 Nf6 6. Nc3 g6 7. d4 cxd4 8.
Nxd4 Bg7 9. h3 O-O 10. Be3 Nc6 11. O-O e6 12. Qd2 Rfd8 13. Bg5 h6 14. Nxc6 Qxc6
15. Bxh6 Bxh6 16. Qxh6 Nxe4 17. Nxe4 Qxe4 18. b3 d5 19. Rfe1 Qf5 20. cxd5 Rxd5
21. Qe3 Rd3  1/2-1/2

[Event "Niederoesterreichische Landesliga"]
[Site "Verschiedene"]
[Date "2018.12.09"]
[Round "6"]
[Board "2"]
[White "Rumpl, Erwin"]
[Black "Schueller, Ernst"]
[Result "1-0"]
[WhiteElo "2293"]
[BlackElo "2192"]
[PlyCount "193"]
[EventDate "2018.09.30"]
[EventType "team"]
[EventRounds "11"]
[EventCountry "AUT"]
[WhiteTeam "SV Amstetten"]
[BlackTeam "SGM Voest Krems"]

1. e4 c5 2. Nf3 d6 3. d4 cxd4 4. Nxd4 Nf6 5. Nc3 a6 6. Bc4 e6 7. Bb3 b5 8. O-O
b4 9. Na4 Bb7 10. Re1 Be7 11. Qf3 Nc6 12. Be3 Nxd4 13. Bxd4 O-O 14. Rad1 Qe8
15. Nb6 Rb8 16. Nc4 Qb5 17. Nxd6 Bxd6 18. Bxf6 Bxh2+ 19. Kxh2 gxf6 20. Qxf6
Qh5+ 21. Kg3 Qg6+ 22. Qxg6+ hxg6 23. Kf4 Bc6 24. Rd4 a5 25. Red1 Rfc8 26. Bc4
Kg7 27. Ba6 Rc7 28. Rd8 Rb6 29. Bd3 Kf6 30. Rd6 Ke7 31. Bc4 Rb8 32. b3 g5+ 33.
Ke3 Bb5 34. R6d4 Kf6 35. Bxb5 Rxb5 36. Rc4 Ra7 37. Rdd4 Rb8 38. Rc5 Rh8 39. a3
Rb8 40. axb4 axb4 41. Rdc4 Ra1 42. Rc8 Rb6 43. Rd8 Ra7 44. g3 Rb5 45. Rdc8 Rbb7
46. R4c5 Ra1 47. R5c7 Re1+ 48. Kf3 g4+ 49. Kxg4 Rxe4+ 50. Kf3 Rxc7 51. Rxc7 Re5
52. Rc4 Rb5 53. Ke3 Ke5 54. g4 Kd6 55. f4 Rb8 56. Ke4 Rb5 57. Rd4+ Ke7 58. Kd3
f6 59. Ke4 Rb8 60. Rc4 Rb5 61. Rc7+ Kd6 62. Rf7 Rc5 63. Rxf6 Ke7 64. Rh6 Rxc2
65. Rh7+ Kd6 66. Rb7 Rg2 67. Kf3 Rg1 68. Rxb4 Kc5 69. Re4 Kd5 70. Re5+ Kd6 71.
Re3 Rf1+ 72. Ke4 Rg1 73. g5 Ke7 74. Rd3 Re1+ 75. Kf3 Rb1 76. Kg4 Kf7 77. Re3
Rg1+ 78. Kf3 Rf1+ 79. Ke4 Rd1 80. Rc3 Re1+ 81. Kd3 Kg6 82. Rc8 Rd1+ 83. Kc2 Re1
84. Rf8 Kg7 85. Rf6 Re4 86. Kd3 Re1 87. b4 Rb1 88. Kc4 Rc1+ 89. Kd4 Rb1 90. Kc5
e5 91. fxe5 Rg1 92. b5 Rxg5 93. Kd6 Rg1 94. b6 Rd1+ 95. Kc7 Rd5 96. b7 Rxe5 97.
Rb6  1-0

[Event "Niederoesterreichische Landesliga"]
[Site "Verschiedene"]
[Date "2018.12.09"]
[Round "6"]
[Board "3"]
[White "Kleiser, Gregor"]
[Black "Rechberger, Franz"]
[Result "1-0"]
[WhiteElo "2192"]
[BlackElo "2106"]
[PlyCount "83"]
[EventDate "2018.09.30"]
[EventType "team"]
[EventRounds "11"]
[EventCountry "AUT"]
[WhiteTeam "SGM Voest Krems"]
[BlackTeam "SV Amstetten"]

1. d4 d5 2. c4 c6 3. cxd5 cxd5 4. Bf4 Nc6 5. Nc3 e6 6. Nf3 Bd6 7. Bxd6 Qxd6 8.
e3 Nf6 9. Bb5 O-O 10. O-O Bd7 11. Qe2 Rac8 12. Rac1 Rfd8 13. Bxc6 Bxc6 14. Rc2
Be8 15. Rfc1 Rc7 16. Ne5 Rdc8 17. h3 Kf8 18. a3 Ng8 19. f4 f6 20. Nd3 Ne7 21.
Nc5 a6 22. Nd1 Kg8 23. Nxb7 Rxc2 24. Rxc2 Qb6 25. Nc5 Nf5 26. Rc3 Bb5 27. Qc2
Qd6 28. a4 Be8 29. Qe2 e5 30. fxe5 fxe5 31. Qg4 Qf6 32. Ne4 Qe6 33. Nf6+ Kf7
34. Nxh7 Ke7 35. Rxc8 Qxc8 36. Nc3 Bd7 37. Nxd5+ Kd6 38. Nc3 exd4 39. exd4 Qe8
40. Qf4+ Kc6 41. Qf2 Qe7 42. Qf3+  1-0

[Event "Niederoesterreichische Landesliga"]
[Site "Verschiedene"]
[Date "2018.12.09"]
[Round "6"]
[Board "4"]
[White "Wadsack, Wolfgang"]
[Black "Woeber, Friedrich"]
[Result "0-1"]
[WhiteElo "2165"]
[BlackElo "2134"]
[PlyCount "114"]
[EventDate "2018.09.30"]
[EventType "team"]
[EventRounds "11"]
[EventCountry "AUT"]
[WhiteTeam "SV Amstetten"]
[BlackTeam "SGM Voest Krems"]

1. e4 c5 2. c3 Nf6 3. e5 Nd5 4. d4 cxd4 5. cxd4 d6 6. Nf3 Nc6 7. Bc4 dxe5 8.
Bxd5 Qxd5 9. Nc3 Qd6 10. d5 Nd4 11. Nxd4 exd4 12. Qxd4 e5 13. Qd3 Bd7 14. O-O
f5 15. Re1 Kf7 16. Qf3 Qf6 17. Be3 Bd6 18. Rac1 Rhc8 19. Qh3 Rc4 20. Qh5+ Kg8
21. Bg5 Qf7 22. Qxf7+ Kxf7 23. b3 Rc7 24. Bd2 Rac8 25. Nb1 b5 26. Rxc7 Rxc7 27.
Rc1 Rxc1+ 28. Bxc1 Bc5 29. Kf1 Ke7 30. Bb2 Kd6 31. f4 Bd4 32. Bxd4 exd4 33. Ke2
b4 34. a4 bxa3 35. Nxa3 Kxd5 36. Kd3 Bc8 37. b4 Bd7 38. g3 a6 39. Kd2 Ke4 40.
Nc4 d3 41. h4 Bb5 42. Nd6+ Kf3 43. Nxf5 g6 44. Ne7 Kxg3 45. f5 gxf5 46. Nxf5+
Kg4 47. Nd4 Kxh4 48. Ke3 Kg4 49. Nf3 h5 50. Kf2 Kf4 51. Nd2 Bc6 52. Nb3 h4 53.
Nc5 Be4 54. Ne6+ Ke5 55. Ng5 Kf4 56. Nh3+ Kg4 57. Ng1 h3  0-1

[Event "Niederoesterreichische Landesliga"]
[Site "Verschiedene"]
[Date "2018.12.09"]
[Round "6"]
[Board "1"]
[White "Ganaus, Hannes"]
[Black "Groetz, Harald"]
[Result "1/2-1/2"]
[WhiteElo "2290"]
[BlackElo "2339"]
[PlyCount "22"]
[EventDate "2018.09.30"]
[EventType "team"]
[EventRounds "11"]
[EventCountry "AUT"]
[WhiteTeam "ASVOE VHS Poechlarn"]
[BlackTeam "SV Stockerau"]

1. d4 d5 2. c4 c6 3. Nf3 Nf6 4. e3 a6 5. Bd3 Bg4 6. Nbd2 b5 7. b3 e6 8. O-O
Nbd7 9. Qc2 Be7 10. Bb2 Bh5 11. Rfe1 Bg6  1/2-1/2

[Event "Niederoesterreichische Landesliga"]
[Site "Verschiedene"]
[Date "2018.12.09"]
[Round "6"]
[Board "2"]
[White "Piringer, Florian"]
[Black "Ernst, Michael"]
[Result "1/2-1/2"]
[WhiteElo "2124"]
[BlackElo "2155"]
[PlyCount "99"]
[EventDate "2018.09.30"]
[EventType "team"]
[EventRounds "11"]
[EventCountry "AUT"]
[WhiteTeam "SV Stockerau"]
[BlackTeam "ASVOE VHS Poechlarn"]

1. d4 d5 2. Bf4 Nf6 3. e3 c5 4. c3 Nc6 5. Nd2 Qb6 6. Qb3 Bf5 7. dxc5 Qxb3 8.
Nxb3 e5 9. Bg3 Nd7 10. Nf3 f6 11. Be2 Nxc5 12. Nxc5 Bxc5 13. O-O Ke7 14. Rfd1
Be6 15. Nd2 Rhd8 16. Kh1 a6 17. Nb3 Ba7 18. Bd3 g6 19. e4 d4 20. f3 Rac8 21.
Be1 Bb6 22. c4 Nb8 23. Bb4+ Kf7 24. Rac1 Nd7 25. Kg1 Nc5 26. Nxc5 Bxc5 27. Bd2
Be7 28. Rc2 Rc6 29. a4 Rdc8 30. Rdc1 b6 31. Kf2 a5 32. b3 g5 33. g4 h5 34. h3
Rh8 35. Kg2 Rcc8 36. Rh1 Rh7 37. Rcc1 Rch8 38. Be2 Ke8 39. Rcf1 Kd7 40. Bd3 Kc6
41. Ra1 Bc5 42. Kg3 Be7 43. Kg2 Bd6 44. Be2 Bc5 45. Bd3 Be7 46. Kg3 Bd6 47. Kg2
Bc7 48. Rag1 Bd6 49. Ra1 Be7 50. Kg3  1/2-1/2

[Event "Niederoesterreichische Landesliga"]
[Site "Verschiedene"]
[Date "2018.12.09"]
[Round "6"]
[Board "3"]
[White "Mittermayr, Gerhard"]
[Black "Schirmbeck, Hannes"]
[Result "0-1"]
[WhiteElo "2120"]
[BlackElo "2126"]
[PlyCount "54"]
[EventDate "2018.09.30"]
[EventType "team"]
[EventRounds "11"]
[EventCountry "AUT"]
[WhiteTeam "ASVOE VHS Poechlarn"]
[BlackTeam "SV Stockerau"]

1. e4 e5 2. Nf3 Nc6 3. Bb5 a6 4. Ba4 Nf6 5. O-O b5 6. Bb3 Nxe4 7. d4 d5 8. dxe5
Be6 9. c3 Bc5 10. Nbd2 Nxd2 11. Bxd2 O-O 12. Bf4 Ne7 13. Nd4 Bb6 14. Qh5 c5 15.
Bc2 g6 16. Qh6 cxd4 17. Bg5 f6 18. exf6 Rf7 19. fxe7 Qd7 20. Rae1 Bf5 21. Bb3
Re8 22. Re5 Be6 23. Rfe1 dxc3 24. Rxe6 Bxf2+ 25. Kh1 Bxe1 26. Rxg6+ Kh8 27. Rd6
Rf1#  0-1

[Event "Niederoesterreichische Landesliga"]
[Site "Verschiedene"]
[Date "2018.12.09"]
[Round "6"]
[Board "4"]
[White "Schmid, Thomas"]
[Black "Kammerer, Roman"]
[Result "1-0"]
[WhiteElo "2141"]
[BlackElo "2074"]
[PlyCount "85"]
[EventDate "2018.09.30"]
[EventType "team"]
[EventRounds "11"]
[EventCountry "AUT"]
[WhiteTeam "SV Stockerau"]
[BlackTeam "ASVOE VHS Poechlarn"]

1. e4 c5 2. Nf3 Nc6 3. Bb5 g6 4. Bxc6 dxc6 5. d3 Bg7 6. h3 e5 7. Be3 b6 8. Nbd2
Ba6 9. O-O Ne7 10. a3 Qc7 11. b4 cxb4 12. axb4 Bc8 13. Nc4 Rb8 14. Ra3 Be6 15.
Qa1 Bxc4 16. Rxa7 Rb7 17. Rxb7 Qxb7 18. dxc4 Qc7 19. c5 b5 20. Rd1 O-O 21. Rd3
Nd5 22. exd5 e4 23. Bd4 Bxd4 24. Rxd4 exf3 25. d6 Qd7 26. gxf3 Re8 27. Kg2 Re5
28. Qc1 Rh5 29. Rg4 f5 30. Rg5 Rh4 31. c3 Kf7 32. f4 Qe6 33. Qe3 Qf6 34. Rg3
Qe6 35. Qxe6+ Kxe6 36. Re3+ Kd7 37. Kg3 g5 38. Re7+ Kd8 39. fxg5 Rc4 40. Rxh7
Rxc3+ 41. f3 Rc4 42. g6 Rc1 43. g7  1-0

[Event "Niederoesterreichische Landesliga"]
[Site "Verschiedene"]
[Date "2018.12.09"]
[Round "6"]
[Board "1"]
[White "Mostbauer, Florian"]
[Black "Wirius, Johannes"]
[Result "1/2-1/2"]
[WhiteElo "2342"]
[BlackElo "2185"]
[PlyCount "26"]
[EventDate "2018.09.30"]
[EventType "team"]
[EventRounds "11"]
[EventCountry "AUT"]
[WhiteTeam "KSV Boehlerwerk"]
[BlackTeam "ASK Kottingbrunn"]

1. d4 g6 2. g3 Bg7 3. Bg2 c5 4. c3 Qc7 5. Nf3 Nf6 6. Na3 d6 7. dxc5 Qxc5 8. Be3
Qa5 9. Qc1 Nc6 10. O-O O-O 11. Bh6 Bxh6 12. Qxh6 Qh5 13. Qxh5 Nxh5  1/2-1/2

[Event "Niederoesterreichische Landesliga"]
[Site "Verschiedene"]
[Date "2018.12.09"]
[Round "6"]
[Board "2"]
[White "Lechner, Daniel"]
[Black "Hellmayr, Alois"]
[Result "1/2-1/2"]
[WhiteElo "2167"]
[BlackElo "2273"]
[PlyCount "30"]
[EventDate "2018.09.30"]
[EventType "team"]
[EventRounds "11"]
[EventCountry "AUT"]
[WhiteTeam "ASK Kottingbrunn"]
[BlackTeam "KSV Boehlerwerk"]

1. d4 Nf6 2. c4 e6 3. g3 Bb4+ 4. Bd2 a5 5. Bg2 c5 6. dxc5 Bxc5 7. Nf3 Nc6 8.
O-O d5 9. cxd5 exd5 10. Qc2 Ba7 11. Nc3 Be6 12. Nb5 Bb6 13. Bf4 O-O 14. Rad1
Qd7 15. Nbd4 Nxd4  1/2-1/2

[Event "Niederoesterreichische Landesliga"]
[Site "Verschiedene"]
[Date "2018.12.09"]
[Round "6"]
[Board "3"]
[White "Danner, Lambert"]
[Black "Lampl, Gerald"]
[Result "1/2-1/2"]
[WhiteElo "2041"]
[BlackElo "2106"]
[PlyCount "47"]
[EventDate "2018.09.30"]
[EventType "team"]
[EventRounds "11"]
[EventCountry "AUT"]
[WhiteTeam "KSV Boehlerwerk"]
[BlackTeam "ASK Kottingbrunn"]

1. g3 d5 2. c4 Nf6 3. cxd5 Qxd5 4. Nf3 e5 5. Nc3 Qa5 6. Bg2 c6 7. O-O Bb4 8. a3
O-O 9. Na4 Bd6 10. b4 Qc7 11. Bb2 a5 12. Nc5 b6 13. Nb3 a4 14. Nc1 Be6 15. Qc2
h6 16. d4 e4 17. Ne5 Bd5 18. Nc4 Nbd7 19. e3 Rfe8 20. Ne2 b5 21. Nd2 Nb6 22.
Nc3 Qe7 23. Rac1 Rac8 24. Qb1  1/2-1/2

[Event "Niederoesterreichische Landesliga"]
[Site "Verschiedene"]
[Date "2018.12.09"]
[Round "6"]
[Board "4"]
[White "Fabisch, Christian"]
[Black "Lovrinovic, Christian"]
[Result "1/2-1/2"]
[WhiteElo "2017"]
[BlackElo "2106"]
[PlyCount "51"]
[EventDate "2018.09.30"]
[EventType "team"]
[EventRounds "11"]
[EventCountry "AUT"]
[WhiteTeam "ASK Kottingbrunn"]
[BlackTeam "KSV Boehlerwerk"]

1. e4 c5 2. d3 Nc6 3. Nf3 g6 4. g3 Bg7 5. Bg2 d6 6. O-O e6 7. Nbd2 Nge7 8. a4
O-O 9. c3 Rb8 10. Qc2 b6 11. Rd1 Ba6 12. Nf1 Rc8 13. h4 d5 14. N1h2 f5 15. exf5
exf5 16. Re1 h6 17. Bf4 Qd7 18. Re2 Rfe8 19. Rae1 Kh7 20. Ne5 Nxe5 21. Bxe5 Bf8
22. Nf3 Ng8 23. Bf4 Rxe2 24. Rxe2 Nf6 25. Ne5 Qg7 26. Qd2  1/2-1/2

[Event "Niederoesterreichische Landesliga"]
[Site "Verschiedene"]
[Date "2019.01.27"]
[Round "7"]
[Board "1"]
[White "Bures, Jaroslav"]
[Black "Hellmayr, Alois"]
[Result "1/2-1/2"]
[WhiteElo "2410"]
[BlackElo "2273"]
[PlyCount "116"]
[EventDate "2018.09.30"]
[EventType "team"]
[EventRounds "11"]
[EventCountry "AUT"]
[WhiteTeam "SV Stockerau"]
[BlackTeam "KSV Boehlerwerk"]

1. e4 c5 2. Nf3 Nc6 3. d4 cxd4 4. Nxd4 e6 5. Nc3 Qc7 6. Be3 a6 7. Be2 Nf6 8.
O-O d6 9. a4 Be7 10. f4 O-O 11. Kh1 Bd7 12. Nb3 b6 13. Bf3 Rab8 14. g4 Bc8 15.
g5 Nd7 16. Bg2 Re8 17. Rf3 Nf8 18. Qe2 Na5 19. Rd1 Nc4 20. Bc1 Bb7 21. Rh3 g6
22. Qf2 f6 23. Nd4 fxg5 24. fxg5 Ne5 25. Rf1 Bd8 26. Qxf8+ Rxf8 27. Rxf8+ Kxf8
28. Nxe6+ Kg8 29. Nxc7 Bxc7 30. Nd5 Bxd5 31. exd5 Nf7 32. Rc3 Re8 33. h4 Bd8
34. Bf4 h6 35. Rc6 hxg5 36. hxg5 Kg7 37. Kh2 Re2 38. Kg3 Bxg5 39. Bxg5 Nxg5 40.
Rxd6 Rxc2 41. Rxb6 a5 42. Rb5 Kf6 43. d6 Nf7 44. d7 Rd2 45. Bd5 Nd8 46. Kf4
Rd4+ 47. Be4 Rxa4 48. Rb6+ Ke7 49. Rxg6 Kxd7 50. Ke5 Rb4 51. Rg7+ Kc8 52. Rg2
Kc7 53. Rc2+ Kb6 54. Bd5 Nb7 55. Rc6+ Ka7 56. b3 a4 57. bxa4 Rxa4 58. Rc7 Rb4
 1/2-1/2

[Event "Niederoesterreichische Landesliga"]
[Site "Verschiedene"]
[Date "2019.01.27"]
[Round "7"]
[Board "2"]
[White "Mostbauer, Florian"]
[Black "Groetz, Harald"]
[Result "1/2-1/2"]
[WhiteElo "2342"]
[BlackElo "2339"]
[PlyCount "24"]
[EventDate "2018.09.30"]
[EventType "team"]
[EventRounds "11"]
[EventCountry "AUT"]
[WhiteTeam "KSV Boehlerwerk"]
[BlackTeam "SV Stockerau"]

1. c4 e5 2. g3 g6 3. Bg2 Bg7 4. Nc3 Nc6 5. d3 d6 6. Nf3 f5 7. Bg5 Nce7 8. O-O
Nf6 9. Nd5 Nexd5 10. cxd5 h6 11. Bxf6 Bxf6 12. Rc1 O-O  1/2-1/2

[Event "Niederoesterreichische Landesliga"]
[Site "Verschiedene"]
[Date "2019.01.27"]
[Round "7"]
[Board "3"]
[White "Schmid, Thomas"]
[Black "Ebner, Johann"]
[Result "1/2-1/2"]
[WhiteElo "2141"]
[BlackElo "2001"]
[PlyCount "62"]
[EventDate "2018.09.30"]
[EventType "team"]
[EventRounds "11"]
[EventCountry "AUT"]
[WhiteTeam "SV Stockerau"]
[BlackTeam "KSV Boehlerwerk"]

1. e4 e6 2. d4 d5 3. Nd2 dxe4 4. Nxe4 Nd7 5. g3 Ngf6 6. Nxf6+ Nxf6 7. Bg2 e5 8.
Nf3 e4 9. Ne5 Bf5 10. O-O Bd6 11. Nc4 Be7 12. c3 O-O 13. Re1 c5 14. dxc5 Bxc5
15. Be3 Qc7 16. Bxc5 Qxc5 17. Ne3 Rad8 18. Qc2 Bg6 19. Rad1 Qc7 20. h3 a5 21.
Rxd8 Rxd8 22. Rd1 Rd3 23. Bf1 Rd6 24. Rxd6 Qxd6 25. Bg2 h6 26. Qd1 Qxd1+ 27.
Nxd1 Nd5 28. g4 f5 29. c4 Nf4 30. Bf1 fxg4 31. hxg4 Kf8  1/2-1/2

[Event "Niederoesterreichische Landesliga"]
[Site "Verschiedene"]
[Date "2019.01.27"]
[Round "7"]
[Board "4"]
[White "Ehs, Dominik"]
[Black "Gajic, Zoran"]
[Result "1/2-1/2"]
[WhiteElo "2089"]
[BlackElo "2055"]
[PlyCount "105"]
[EventDate "2018.09.30"]
[EventType "team"]
[EventRounds "11"]
[EventCountry "AUT"]
[WhiteTeam "KSV Boehlerwerk"]
[BlackTeam "SV Stockerau"]

1. e4 c5 2. Nf3 Nc6 3. g3 g6 4. Bg2 Bg7 5. c3 d5 6. exd5 Qxd5 7. O-O Qd8 8. Qa4
Bd7 9. Qc4 Qb6 10. Re1 Nf6 11. d4 cxd4 12. cxd4 O-O 13. Nc3 Na5 14. Qe2 Bg4 15.
Be3 Qb4 16. Rad1 Nc4 17. Bc1 e6 18. h3 Bxf3 19. Bxf3 Rad8 20. a3 Qb3 21. Rd3
Qb6 22. Na4 Qb5 23. Nc5 Na5 24. a4 Qb6 25. Bd2 Nc6 26. a5 Qxb2 27. Rb3 Qxd4 28.
Be3 Qe5 29. Nxb7 Nd4 30. Qd1 Nxb3 31. Nxd8 Nxa5 32. Bd2 Qc7 33. Bxa5 Qxa5 34.
Nc6 Qc7 35. Qa4 Nd7 36. Qxa7 Qxa7 37. Nxa7 Ne5 38. Bg2 Nd3 39. Rd1 Nb2 40. Rd7
Nc4 41. Nc6 Bf6 42. Bf1 Nb6 43. Rb7 Nd5 44. Rb8 Rxb8 45. Nxb8 Kf8 46. Nc6 Bc3
47. Bb5 f6 48. Kf1 Nb6 49. Ke2 Nd5 50. Bc4 Ke8 51. Kd3 Be1 52. Ke2 Bc3 53. Kd3
 1/2-1/2

[Event "Niederoesterreichische Landesliga"]
[Site "Verschiedene"]
[Date "2019.01.27"]
[Round "7"]
[Board "1"]
[White "Sandhoefner, Florian"]
[Black "Loeffler, Stefan"]
[Result "0-1"]
[WhiteElo "2332"]
[BlackElo "2365"]
[PlyCount "77"]
[EventDate "2018.09.30"]
[EventType "team"]
[EventRounds "11"]
[EventCountry "AUT"]
[WhiteTeam "SV Amstetten"]
[BlackTeam "ASVOE VHS Poechlarn"]

1. d4 e6 2. e4 d5 3. Nd2 dxe4 4. Nxe4 Qd5 5. Nc3 Bb4 6. Nf3 Nf6 7. Bd2 Bxc3 8.
Bxc3 b6 9. Bd3 Bb7 10. O-O Ne4 11. Re1 Nxc3 12. bxc3 Qh5 13. Re5 Bxf3 14. Rxh5
Bxd1 15. Rxd1 Nd7 16. Rh3 Ke7 17. Bb5 Rad8 18. c4 Nc5 19. Ra3 a5 20. c3 Rd6 21.
Re1 Nd7 22. c5 bxc5 23. dxc5 Nxc5 24. Rxa5 Rb8 25. Bf1 Nd7 26. a4 Rb2 27. Ra7
Rc6 28. Re3 Nb6 29. a5 Nd5 30. Rg3 Rb1 31. Rd3 Nxc3 32. g3 Nb5 33. Rb7 Rcc1 34.
Kg2 Rxf1 35. a6 Rfc1 36. a7 Nxa7 37. Rxa7 g5 38. Ra8 g4 39. Rg8  0-1

[Event "Niederoesterreichische Landesliga"]
[Site "Verschiedene"]
[Date "2019.01.27"]
[Round "7"]
[Board "2"]
[White "Ganaus, Hannes"]
[Black "Rumpl, Erwin"]
[Result "0-1"]
[WhiteElo "2290"]
[BlackElo "2293"]
[PlyCount "78"]
[EventDate "2018.09.30"]
[EventType "team"]
[EventRounds "11"]
[EventCountry "AUT"]
[WhiteTeam "ASVOE VHS Poechlarn"]
[BlackTeam "SV Amstetten"]

1. d4 Nf6 2. Nf3 e6 3. c4 Bb4+ 4. Nc3 c5 5. Qb3 Ne4 6. Nd2 Nxc3 7. bxc3 Ba5 8.
Ba3 cxd4 9. O-O-O dxc3 10. Ne4 Bc7 11. g4 Nc6 12. Qxc3 f6 13. g5 Be5 14. Nd6+
Bxd6 15. Bxd6 Qa5 16. Qxa5 Nxa5 17. e3 f5 18. Rg1 b6 19. Be5 Ba6 20. Bxg7 Rg8
21. Bf6 Rc8 22. h4 Bxc4 23. Kb2 Bxf1 24. Rgxf1 d5 25. Kb1 Rc4 26. f4 Kf7 27. h5
Rb4+ 28. Ka1 Ra4 29. Rg1 b5 30. Be5 b4 31. g6+ hxg6 32. h6 b3 33. Rg2 Nc4 34.
h7 Rd8 35. Bd4 e5 36. fxe5 b2+ 37. Kb1 Rb8 38. e6+ Ke7 39. Rd3 Rxa2  0-1

[Event "Niederoesterreichische Landesliga"]
[Site "Verschiedene"]
[Date "2019.01.27"]
[Round "7"]
[Board "3"]
[White "Wadsack, Wolfgang"]
[Black "Weinzettl, Ernst"]
[Result "1-0"]
[WhiteElo "2165"]
[BlackElo "2220"]
[PlyCount "79"]
[EventDate "2018.09.30"]
[EventType "team"]
[EventRounds "11"]
[EventCountry "AUT"]
[WhiteTeam "SV Amstetten"]
[BlackTeam "ASVOE VHS Poechlarn"]

1. e4 e6 2. d4 d5 3. Nc3 Nf6 4. Bg5 Be7 5. e5 Nfd7 6. Bxe7 Qxe7 7. f4 a6 8. Nf3
b6 9. g3 c5 10. Bg2 Nc6 11. O-O cxd4 12. Nxd4 Qc5 13. Nce2 Nxd4 14. Nxd4 a5 15.
Rf2 Ba6 16. Qd2 Qe7 17. Re1 g6 18. h4 Nc5 19. a3 Ne4 20. Bxe4 dxe4 21. Rxe4 Bb7
22. Re1 Rd8 23. c3 Qc5 24. Qe3 O-O 25. Kh2 Rd7 26. h5 Re8 27. f5 exf5 28. e6
Rde7 29. hxg6 hxg6 30. Qh6 f6 31. Qxg6+ Kh8 32. Qxf6+ Kg8 33. Qg5+ Kh8 34. Kg1
Qd5 35. Qf6+ Kg8 36. Rh2 Rg7 37. Re3 Qd6 38. Qxg7+ Kxg7 39. Nxf5+ Kg6 40. Nxd6
 1-0

[Event "Niederoesterreichische Landesliga"]
[Site "Verschiedene"]
[Date "2019.01.27"]
[Round "7"]
[Board "4"]
[White "Ernst, Michael"]
[Black "Rechberger, Franz"]
[Result "1/2-1/2"]
[WhiteElo "2155"]
[BlackElo "2106"]
[PlyCount "41"]
[EventDate "2018.09.30"]
[EventType "team"]
[EventRounds "11"]
[EventCountry "AUT"]
[WhiteTeam "ASVOE VHS Poechlarn"]
[BlackTeam "SV Amstetten"]

1. d4 d5 2. Bf4 Nf6 3. e3 e6 4. Nd2 Bd6 5. Bg3 c5 6. c3 Qc7 7. Ngf3 Nbd7 8. Bd3
O-O 9. Bxd6 Qxd6 10. O-O Re8 11. e4 cxd4 12. Nxd4 Nc5 13. Bb5 Bd7 14. exd5 Qxd5
15. Qf3 Bxb5 16. Qxd5 Nxd5 17. Nxb5 a6 18. Nd4 Rad8 19. Rfd1 Na4 20. Rab1 e5
21. Ne2  1/2-1/2